[Event "Festival della Repubblica A"]
[Site "Milano ITA"]
[Date "2011.06.03"]
[Round "4"]
[White "Bemporad, Filippo"]
[Black "Lapiccirella, Mattia"]
[Result "1/2-1/2"]
[WhiteElo "2052"]
[BlackElo "2212"]
[PlyCount "93"]
[EventDate "2011.06.01"]

1. d4 Nf6 2. Nf3 e6 3. g3 c5 4. Bg2 cxd4 5. Nxd4 Nc6 6. O-O Qb6 7. Nxc6 bxc6 8.
c4 d5 9. Nc3 Bd7 10. e4 d4 11. Na4 Qa5 12. Bd2 Qc7 13. f4 e5 14. fxe5 Ng4 15.
Bf4 Be6 16. Qxd4 Qa5 17. b3 Rd8 18. Qb2 Bxc4 19. h3 Bc5+ 20. Nxc5 Qxc5+ 21. Kh1
Bxf1 22. Rxf1 h5 23. Bg5 Qxe5 24. Qxe5+ Nxe5 25. Bxd8 Kxd8 26. Rd1+ Kc7 27. Kg1
Rh6 28. Kf2 Re6 29. Ke3 f6 30. Kf4 g6 31. Rd4 a5 32. Ke3 Nf7 33. Bf1 Nd6 34.
Kf4 Re5 35. Ra4 Kb6 36. Bd3 c5 37. h4 Re7 38. Bc2 Re5 39. Kf3 Nb5 40. Rc4 Na3
41. Rc3 Nb5 42. Rc4 Nd4+ 43. Ke3 Nb5 44. Kf3 g5 45. Bd3 Nd4+ 46. Kf2 Ne6 47.
Rc1 1/2-1/2

[Event "Festival della Repubblica A"]
[Site "Milano ITA"]
[Date "2011.06.03"]
[Round "4"]
[White "Bisignano, Riccardo"]
[Black "Moreschi, Mauro"]
[Result "1-0"]
[WhiteElo "1918"]
[BlackElo "1889"]
[PlyCount "107"]
[EventDate "2011.06.01"]

1. e4 d6 2. d4 Nf6 3. Nc3 e5 4. dxe5 dxe5 5. Qxd8+ Kxd8 6. Bg5 Be6 7. O-O-O+
Nbd7 8. Nf3 Kc8 9. h3 c6 10. Be2 Bb4 11. Bxf6 gxf6 12. Rd3 Nc5 13. Re3 Bxc3 14.
bxc3 Kc7 15. Nd2 h5 16. Rf1 Rag8 17. Rf3 f5 18. exf5 Bd5 19. Re3 Bxg2 20. Rg1
f6 21. h4 Bd5 22. Reg3 Rxg3 23. Rxg3 Nd7 24. c4 Bf7 25. Rg7 Be8 26. Ne4 Kd8 27.
Nd6 b6 28. Bf3 e4 29. Bxe4 Ne5 30. Rxa7 c5 31. f4 Ng4 32. Nf7+ Bxf7 33. Ra8+
Ke7 34. Rxh8 Bxc4 35. Rxh5 Bxa2 36. Rh7+ Kf8 37. Bf3 Ne3 38. Be4 Bf7 39. Rh8+
Kg7 40. Rb8 Nc4 41. Bd3 Ne3 42. Rxb6 Ng2 43. Rb7 Kf8 44. Rc7 Nxh4 45. Rxc5 Ng2
46. Bc4 Bh5 47. Rc6 Kg7 48. Be6 Nxf4 49. c4 Bg4 50. Rc7+ Kh6 51. Kd2 Kg5 52.
Rg7+ Kh4 53. Rxg4+ Kxg4 54. c5 1-0

[Event "Festival della Repubblica A"]
[Site "Milano ITA"]
[Date "2011.06.03"]
[Round "4"]
[White "Cazzaniga, Walter"]
[Black "Guzzetti, Luigi Enrico"]
[Result "1-0"]
[WhiteElo "2078"]
[BlackElo "1909"]
[PlyCount "57"]
[EventDate "2011.06.01"]

1. d4 Nf6 2. c4 g6 3. Nc3 Bg7 4. e4 d6 5. Nf3 O-O 6. Be2 c6 7. O-O Qc7 8. Bg5
Bg4 9. h3 Bxf3 10. Bxf3 Nbd7 11. Qd2 a6 12. Rac1 c5 13. dxc5 Qxc5 14. Be3 Qc8
15. Rfd1 Ne5 16. Be2 Nxc4 17. Bxc4 Qxc4 18. f3 Qe6 19. b3 Rac8 20. Na4 Nd7 21.
Qb4 b5 22. Nc3 Rc6 23. Nd5 Rfc8 24. Rxc6 Rxc6 25. Qa5 Nf6 26. Qd8+ Bf8 27. Bh6
Nd7 28. Bxf8 Nxf8 29. Nxe7+ 1-0

[Event "Festival della Repubblica A"]
[Site "Milano ITA"]
[Date "2011.06.03"]
[Round "4"]
[White "Gonella, Daniele"]
[Black "Cani, Gazmir"]
[Result "0-1"]
[WhiteElo "2022"]
[BlackElo "2123"]
[PlyCount "130"]
[EventDate "2011.06.01"]

1. e4 c5 2. Nc3 e6 3. g3 Nc6 4. Bg2 g6 5. d3 Bg7 6. f4 Nge7 7. Nf3 d6 8. O-O
O-O 9. h3 Rb8 10. g4 f5 11. Qe1 Nd4 12. Nxd4 cxd4 13. Ne2 Qc7 14. c3 dxc3 15.
bxc3 Bd7 16. Rb1 b5 17. Ba3 Rfc8 18. Kh1 a5 19. Qh4 Nc6 20. Rfc1 Kh8 21. Qf2 e5
22. gxf5 gxf5 23. exf5 Rf8 24. Qf3 Rxf5 25. Qd5 exf4 26. Bxd6 Qb6 27. Qf3 Ne5
28. Bxe5 Rxe5 29. Nxf4 Rf8 30. Qg3 Re3 31. Nd5 Rxg3 32. Nxb6 Bxh3 33. Bxh3
Rxh3+ 34. Kg2 Rxd3 35. Rxb5 Bxc3 36. a4 Bd4 37. Rc8 Rd2+ 38. Kg3 Bf2+ 39. Kh3
Rd3+ 40. Kg2 Rg3+ 41. Kh2 Rxc8 42. Nxc8 Rc3 43. Ne7 Be1 44. Nd5 Ra3 45. Nb6 Kg7
46. Rd5 h6 47. Rd7+ Kg6 48. Rd6+ Kg5 49. Rd4 h5 50. Rd5+ Kg4 51. Rd4+ Kf3 52.
Rd1 Bg3+ 53. Kh1 Kg4 54. Nc4 Rxa4 55. Nxa5 Rxa5 56. Rb1 Kh3 57. Kg1 Ra2 58. Rf1
Rh2 59. Rf5 h4 60. Rf1 Re2 61. Kh1 Be1 62. Rf3+ Kg4 63. Rf1 Bf2 64. Kg2 Be3+
65. Kh1 h3 0-1

[Event "Festival della Repubblica A"]
[Site "Milano ITA"]
[Date "2011.06.03"]
[Round "4"]
[White "Gongalov, Bojan"]
[Black "Nepi, Ezio"]
[Result "1-0"]
[WhiteElo "2061"]
[BlackElo "1924"]
[PlyCount "69"]
[EventDate "2011.06.01"]

1. Nf3 Nf6 2. g3 d5 3. Bg2 Bf5 4. O-O e6 5. c4 c6 6. d3 Be7 7. Nc3 O-O 8. h3
dxc4 9. e4 Bg6 10. e5 Nd5 11. dxc4 Nxc3 12. bxc3 Bd3 13. Re1 Bxc4 14. Qc2 Qc7
15. a4 Nd7 16. Qe4 Bd5 17. Qe2 Nb6 18. a5 Nc4 19. a6 b6 20. Bf4 Rab8 21. Red1
b5 22. Qc2 h6 23. h4 Rfd8 24. Qc1 c5 25. g4 Bxf3 26. Bxf3 Rxd1+ 27. Qxd1 Bxh4
28. Qe2 Rd8 29. Re1 Qd7 30. Be4 Bg5 31. Bxg5 hxg5 32. Bc2 Qd2 33. Rd1 g6 34.
Rxd2 Rxd2 35. Qe4 1-0

[Event "Festival della Repubblica A"]
[Site "Milano ITA"]
[Date "2011.06.03"]
[Round "4"]
[White "Lapiccirella, Daniele"]
[Black "Swannie, Douglas"]
[Result "1-0"]
[WhiteElo "2236"]
[BlackElo "1924"]
[PlyCount "27"]
[EventDate "2011.06.01"]

1. d4 d5 2. c4 Nc6 3. cxd5 Qxd5 4. e3 e5 5. Nc3 Bb4 6. Bd2 Bxc3 7. Bxc3 exd4 8.
Ne2 Bg4 9. f3 Bxf3 10. gxf3 Qxf3 11. Nxd4 Qxh1 12. Qg4 Nge7 13. O-O-O Qxh2 14.
Nxc6 1-0

[Event "Festival della Repubblica A"]
[Site "Milano ITA"]
[Date "2011.06.03"]
[Round "4"]
[White "Pelizzola, Danilo"]
[Black "Moroni, Luca jr"]
[Result "1/2-1/2"]
[WhiteElo "2040"]
[BlackElo "1911"]
[PlyCount "105"]
[EventDate "2011.06.01"]

1. e4 c5 2. Nf3 d6 3. d4 cxd4 4. Nxd4 Nf6 5. Nc3 a6 6. Be2 e6 7. Be3 Be7 8. Qd2
Qc7 9. O-O O-O 10. f4 Nc6 11. Bf3 Re8 12. Rad1 Nxd4 13. Bxd4 e5 14. Bf2 b5 15.
Bg3 Bb7 16. Rfe1 Rac8 17. Re2 Qc5+ 18. Kh1 b4 19. Nd5 Nxd5 20. exd5 exf4 21.
Qxf4 Bf8 22. Rxe8 Rxe8 23. Qd2 a5 24. Qf2 Qb5 25. b3 g6 26. Bf4 Rc8 27. g4 Rc3
28. h4 h6 29. Kg2 Kh7 30. Bc1 Bg7 31. h5 Qc5 32. hxg6+ fxg6 33. Qxc5 Rxc5 34.
Be4 Be5 35. Rh1 Bxd5 36. Bxd5 Rxd5 37. Bxh6 Kg8 38. Kf3 Kf7 39. Be3 Ke6 40. Rh6
Kf7 41. Rh7+ Ke6 42. Ra7 Bd4 43. Bxd4 Rxd4 44. Rxa5 Rd2 45. Rb5 Rxc2 46. Rxb4
Rxa2 47. Kf4 Ra5 48. Rb6 g5+ 49. Ke4 Re5+ 50. Kd4 Rd5+ 51. Ke4 Re5+ 52. Kf3 Rc5
53. Rb8 1/2-1/2

[Event "Festival della Repubblica A"]
[Site "Milano ITA"]
[Date "2011.06.03"]
[Round "4"]
[White "Rossi, Giampiero"]
[Black "Bisignano, Giuseppe"]
[Result "0-1"]
[WhiteElo "1943"]
[BlackElo "1930"]
[PlyCount "70"]
[EventDate "2011.06.01"]

1. d4 Nf6 2. c4 e6 3. Nc3 Bb4 4. Qc2 c5 5. dxc5 Nc6 6. Nf3 Bxc5 7. e3 O-O 8. a3
a5 9. Be2 b6 10. O-O Bb7 11. Rd1 Qe7 12. b3 Rac8 13. Bb2 Rfd8 14. Na4 d6 15.
Bc3 d5 16. Bxf6 gxf6 17. cxd5 exd5 18. Nxc5 bxc5 19. Qf5 Ne5 20. Nxe5 fxe5 21.
Bd3 e4 22. Bc2 d4 23. Rac1 d3 24. Bb1 Qe6 25. Qxe6 fxe6 26. Rd2 a4 27. Ba2 Bd5
28. Rc3 axb3 29. Bxb3 Bxb3 30. Rxb3 c4 31. Rc3 Rb8 32. f3 Rdc8 33. fxe4 Kf7 34.
Kf2 Kf6 35. Kf3 Rc5 0-1

[Event "Festival della Repubblica A"]
[Site "Milano ITA"]
[Date "2011.06.04"]
[Round "5"]
[White "Bisignano, Giuseppe"]
[Black "Astengo, Corrado"]
[Result "0-1"]
[WhiteElo "1930"]
[BlackElo "2073"]
[PlyCount "64"]
[EventDate "2011.06.01"]

1. e4 c5 2. Nc3 e6 3. d3 Nc6 4. g3 d5 5. exd5 exd5 6. Bg2 Be6 7. Nf3 d4 8. Ne4
h6 9. h4 Nf6 10. Bf4 Be7 11. Nxf6+ Bxf6 12. O-O O-O 13. Re1 Qd7 14. Ne5 Nxe5
15. Bxe5 Bxe5 16. Rxe5 Rac8 17. Qf3 b5 18. b3 Rc7 19. a4 Qd6 20. Qf4 a6 21.
axb5 axb5 22. Ra5 Qb6 23. b4 Rfc8 24. Qe4 Qd6 25. bxc5 Rxc5 26. Rxb5 Rxc2 27.
f4 g6 28. h5 Bf5 29. Re8+ Kg7 30. Qe7 Rxg2+ 31. Kxg2 Qc6+ 32. Kf2 Rxe8 0-1

[Event "Festival della Repubblica A"]
[Site "Milano ITA"]
[Date "2011.06.04"]
[Round "5"]
[White "Cani, Gazmir"]
[Black "Bemporad, Filippo"]
[Result "1-0"]
[WhiteElo "2123"]
[BlackElo "2052"]
[PlyCount "77"]
[EventDate "2011.06.01"]

1. d4 d5 2. c4 c6 3. Nf3 Nf6 4. e3 e6 5. b3 Nbd7 6. Nbd2 Be7 7. Bd3 O-O 8. O-O
b6 9. Bb2 Bb7 10. Qe2 c5 11. cxd5 exd5 12. Ne5 Bd6 13. Rfd1 Qe7 14. f4 Rac8 15.
Rac1 Bb8 16. Bf5 Rcd8 17. Ndf3 Bd6 18. Ng5 h6 19. Ngf3 Nb8 20. Rc2 Rfe8 21. Qe1
Ne4 22. g3 Nc6 23. Rg2 Bb8 24. g4 Nd6 25. Qg3 f6 26. Bg6 fxe5 27. dxe5 Ne4 28.
Qh3 Rf8 29. g5 Nxg5 30. Nxg5 d4 31. Ne4 Nb4 32. Bf5 Nd5 33. Be6+ Kh8 34. Rg6
Nxf4 35. exf4 Bxe4 36. f5 Bxe5 37. Bc1 Bf6 38. Bxh6 Rf7 39. Bxg7+ 1-0

[Event "Festival della Repubblica A"]
[Site "Milano ITA"]
[Date "2011.06.04"]
[Round "5"]
[White "Guzzetti, Luigi Enrico"]
[Black "Rossi, Giampiero"]
[Result "1-0"]
[WhiteElo "1909"]
[BlackElo "1943"]
[PlyCount "111"]
[EventDate "2011.06.01"]

1. e4 c5 2. Nf3 e6 3. d4 cxd4 4. Nxd4 a6 5. Be2 Nf6 6. Nc3 Qc7 7. O-O Be7 8.
Be3 d6 9. a4 Bd7 10. Qd2 Nc6 11. f3 O-O 12. Rfd1 Rfc8 13. Nb3 Ne5 14. a5 Nc4
15. Bxc4 Qxc4 16. Bb6 Bc6 17. Qf2 e5 18. Nd2 Qe6 19. Nf1 d5 20. exd5 Nxd5 21.
Nxd5 Bxd5 22. Qd2 Bc6 23. Ng3 f6 24. c3 Be8 25. Qd5 Qxd5 26. Rxd5 Bd8 27. Bxd8
Rxd8 28. Rad1 Rxd5 29. Rxd5 Bc6 30. Rd6 Kf7 31. Kf2 g6 32. Ne4 Ke7 33. Rd2 Bxe4
34. fxe4 Rc8 35. Rd3 Rc4 36. Kf3 f5 37. Re3 Ke6 38. h3 Ra4 39. b4 Ra2 40. Rd3
fxe4+ 41. Kxe4 Rxg2 42. Rd8 Rc2 43. Kd3 Rh2 44. Rb8 Rxh3+ 45. Kc4 e4 46. Rxb7
e3 47. Rb6+ Kf5 48. Kd3 e2+ 49. Kxe2 Rxc3 50. Rxa6 Ke5 51. b5 Kd5 52. Ra7 Rb3
53. b6 Rb5 54. b7 Rb2+ 55. Kd3 Kc6 56. a6 1-0

[Event "Festival della Repubblica A"]
[Site "Milano ITA"]
[Date "2011.06.04"]
[Round "5"]
[White "Lapiccirella, Mattia"]
[Black "Lapiccirella, Daniele"]
[Result "1/2-1/2"]
[WhiteElo "2212"]
[BlackElo "2236"]
[PlyCount "28"]
[EventDate "2011.06.01"]

1. Nf3 c5 2. g3 b6 3. Bg2 Bb7 4. O-O Nf6 5. b3 e6 6. Bb2 Be7 7. c4 O-O 8. d4
cxd4 9. Qxd4 Na6 10. Nc3 Nc5 11. Rad1 Qc8 12. Ne5 Bxg2 13. Kxg2 d6 14. Nf3 Qc6
1/2-1/2

[Event "Festival della Repubblica A"]
[Site "Milano ITA"]
[Date "2011.06.04"]
[Round "5"]
[White "Moreschi, Mauro"]
[Black "Gonella, Daniele"]
[Result "0-1"]
[WhiteElo "1889"]
[BlackElo "2022"]
[PlyCount "114"]
[EventDate "2011.06.01"]

1. e4 e5 2. Nc3 Nc6 3. g3 Nf6 4. Bg2 d6 5. Nge2 g6 6. d3 Bg7 7. Bg5 h6 8. Bxf6
Bxf6 9. Nd5 Bg7 10. c3 Ne7 11. Ne3 Be6 12. f4 c6 13. Qd2 d5 14. fxe5 dxe4 15.
d4 Qb6 16. Bxe4 O-O-O 17. Nf4 c5 18. Nxe6 Qxe6 19. Qg2 cxd4 20. Bxb7+ Kb8 21.
Ba8 Qa6 22. Ng4 Kc7 23. Bf3 h5 24. Nf6 Bxf6 25. exf6 Qe6+ 26. Qe2 Qxe2+ 27.
Kxe2 Nf5 28. Rhe1 dxc3 29. bxc3 Rhe8+ 30. Kf2 Rd2+ 31. Re2 Rexe2+ 32. Bxe2 Rc2
33. c4 Nd4 34. Re1 Rxa2 35. Kf1 Nxe2 36. Rxe2 Rxe2 37. Kxe2 a5 38. Kd3 Kc6 39.
Kc3 Kc5 40. Kb3 g5 41. Ka4 Kxc4 42. Kxa5 g4 43. Kb6 Kd5 44. Kb5 Ke5 45. Kc5
Kxf6 46. Kd6 Kg5 47. Kd5 h4 48. gxh4+ Kxh4 49. Ke4 Kg5 50. Ke3 f5 51. Ke2 f4
52. Kf2 Kf5 53. Ke2 Ke4 54. Kf2 f3 55. Kf1 Ke3 56. Ke1 f2+ 57. Kf1 Kf3 0-1

[Event "Festival della Repubblica A"]
[Site "Milano ITA"]
[Date "2011.06.04"]
[Round "5"]
[White "Moroni, Luca jr"]
[Black "Cazzaniga, Walter"]
[Result "0-1"]
[WhiteElo "1911"]
[BlackElo "2078"]
[PlyCount "114"]
[EventDate "2011.06.01"]

1. e4 c5 2. Nf3 d6 3. d4 cxd4 4. Nxd4 Nf6 5. Nc3 g6 6. Be3 Bg7 7. f3 Nc6 8. Bc4
Qb6 9. Nf5 Qxb2 10. Nxg7+ Kf8 11. Bd2 Kxg7 12. Rb1 Qa3 13. Nb5 Qc5 14. Qe2 Ne5
15. Bb3 a6 16. Nc3 b5 17. Nd5 Nxd5 18. Bxd5 Rb8 19. Be3 Qc7 20. Bd4 f6 21. O-O
e6 22. Bb3 Bd7 23. f4 Nc4 24. Bxc4 Qxc4 25. Qxc4 bxc4 26. e5 dxe5 27. fxe5 f5
28. c3 Bc6 29. Ba7 Rb5 30. Rxb5 axb5 31. a3 Rd8 32. Bd4 g5 33. g3 Kg6 34. Rd1
f4 35. gxf4 gxf4 36. Kf2 Kf5 37. Rg1 Rd7 38. Rg8 Ke4 39. Re8 Bd5 40. Rb8 Rg7
41. Rxb5 Kd3 42. Kf1 h5 43. Rb2 h4 44. a4 Rg8 45. a5 Ra8 46. Ra2 Rb8 47. Ra1
Rb2 48. Rd1+ Ke4 49. Bg1 Kxe5 50. a6 Ra2 51. a7 Be4 52. Rd8 Bd5 53. Bd4+ Ke4
54. Rb8 Kf3 55. Rb1 Rxh2 56. Ra1 Rh1+ 57. Bg1 h3 0-1

[Event "Festival della Repubblica A"]
[Site "Milano ITA"]
[Date "2011.06.04"]
[Round "5"]
[White "Nepi, Ezio"]
[Black "Valenti, Giuseppe"]
[Result "0-1"]
[WhiteElo "1924"]
[BlackElo "2155"]
[PlyCount "108"]
[EventDate "2011.06.01"]

1. d4 Nf6 2. c4 e6 3. Nc3 c5 4. d5 exd5 5. cxd5 d6 6. Nf3 g6 7. g3 Bg7 8. Bg2
O-O 9. O-O Nbd7 10. Bf4 Qe7 11. Re1 a6 12. a4 h6 13. h3 g5 14. Bd2 Rb8 15. a5
b5 16. axb6 Nxb6 17. Bc1 Nc4 18. Qc2 Nd7 19. Nd1 Rb4 20. Ra4 Rxa4 21. Qxa4 Ncb6
22. Qc2 f5 23. e4 f4 24. Bd2 fxg3 25. fxg3 Ne5 26. Nxe5 Bxe5 27. g4 Bg3 28. Rf1
Rxf1+ 29. Kxf1 Qf8+ 30. Kg1 Nd7 31. Bc3 Qf4 32. Qd2 Qf7 33. Ne3 Bf4 34. Qf2 Ne5
35. Bxe5 Bxe5 36. Qxf7+ Kxf7 37. Nc4 Bd4+ 38. Kf1 Ke7 39. Ke2 Bd7 40. b3 Bb5
41. Kd3 a5 42. Bf1 a4 43. bxa4 Bxa4 44. Nd2 Kf6 45. Ke2 Bc2 46. Kf3 Bd1+ 47.
Be2 Bc2 48. Nc4 Be5 49. Bf1 Bf4 50. Kf2 Bb3 51. Nb2 Ke5 52. Bg2 Kd4 53. Bf3 c4
54. Be2 c3 0-1

[Event "Festival della Repubblica A"]
[Site "Milano ITA"]
[Date "2011.06.06"]
[Round "5"]
[White "Pelizzola, Danilo"]
[Black "Gongalov, Bojan"]
[Result "0-1"]
[WhiteElo "2040"]
[BlackElo "2061"]
[PlyCount "102"]
[EventDate "2011.06.01"]

1. e4 c5 2. Nf3 e6 3. d4 cxd4 4. Nxd4 a6 5. Be3 Nf6 6. Bd3 Qc7 7. O-O d6 8. Nc3
b6 9. f4 Nbd7 10. Nb3 Bb7 11. Qe2 Rc8 12. Bxa6 Bxa6 13. Qxa6 Ng4 14. Rae1 Nxe3
15. Rxe3 Nc5 16. Qb5+ Nd7 17. Na4 Qb8 18. Rc3 Rxc3 19. Nxc3 Be7 20. Qc6 Qd8 21.
Nc1 O-O 22. Nd3 Nf6 23. Rf3 Qb8 24. Qb5 Rc8 25. e5 dxe5 26. fxe5 Ng4 27. h3
Bc5+ 28. Nxc5 Rxc5 29. Qb4 Nxe5 30. Rf1 Qc7 31. Qf4 Rc4 32. Qe3 h6 33. Nb5 Qc5
34. Qxc5 Rxc5 35. Nd4 Nc4 36. Rb1 Rd5 37. Nf3 e5 38. b3 Na3 39. c4 Rd6 40. Rb2
Rd1+ 41. Kf2 e4 42. Rd2 Rc1 43. Nd4 g6 44. Ne2 Ra1 45. Nc3 f5 46. Rb2 Rc1 47.
Nd5 Nc2 48. a4 Ne1 49. Re2 Nd3+ 50. Ke3 Rb1 51. Nxb6 Rxb3 0-1

[Event "Festival della Repubblica A"]
[Site "Milano ITA"]
[Date "2011.06.04"]
[Round "5"]
[White "Swannie, Douglas"]
[Black "Bisignano, Riccardo"]
[Result "1-0"]
[WhiteElo "1924"]
[BlackElo "1918"]
[PlyCount "87"]
[EventDate "2011.06.01"]

1. d4 d5 2. c4 e6 3. Nc3 c6 4. e3 Nf6 5. Nf3 Nbd7 6. Bd3 Bb4 7. O-O Bxc3 8.
bxc3 Qc7 9. Qc2 e5 10. e4 dxc4 11. Bxc4 O-O 12. Re1 b5 13. Bb3 h6 14. c4 bxc4
15. Bxc4 exd4 16. e5 Ng4 17. e6 Nde5 18. exf7+ Kh8 19. Nxe5 Nxe5 20. Ba3 Nxc4
21. Bxf8 Qxf7 22. Bc5 Bf5 23. Qb3 d3 24. Re7 Qf6 25. Rd1 Ne5 26. f4 Nd7 27. Rf7
Be6 28. Rxf6 Bxb3 29. Rxh6+ gxh6 30. Bd4+ Kg8 31. axb3 Kf7 32. Rxd3 a6 33. Bc3
Nc5 34. Rd6 Nxb3 35. Rxc6 a5 36. Rxh6 a4 37. f5 Rg8 38. Rh7+ Ke8 39. f6 Rf8 40.
Re7+ Kd8 41. Ra7 Ke8 42. Rxa4 Nc5 43. Ra8+ Kf7 44. Rxf8+ 1-0

[Event "Festival della Repubblica A"]
[Site "Milano ITA"]
[Date "2011.06.05"]
[Round "6"]
[White "Bisignano, Giuseppe"]
[Black "Moreschi, Mauro"]
[Result "1-0"]
[WhiteElo "1930"]
[BlackElo "1889"]
[PlyCount "79"]
[EventDate "2011.06.01"]

1. e4 d5 2. exd5 Qxd5 3. Nc3 Qa5 4. d4 Nf6 5. Nf3 c6 6. Bc4 e6 7. O-O Bd6 8.
Re1 O-O 9. Bg5 Nbd7 10. Qe2 b5 11. Bd3 Bb7 12. Bxf6 Nxf6 13. Ne4 Be7 14. Ne5
Qc7 15. Nxf6+ Bxf6 16. Qe4 g6 17. h4 Bxe5 18. dxe5 c5 19. Qf4 c4 20. Be4 f5 21.
Bxb7 Qxb7 22. Rad1 Qe7 23. Rd6 Rad8 24. Red1 Rxd6 25. exd6 Qd7 26. Qe5 Rd8 27.
Qf6 Rf8 28. Qg5 Kf7 29. h5 gxh5 30. Qxh5+ Kg8 31. Rd4 Rf7 32. Qg5+ Rg7 33. Qd2
Kf8 34. Qa5 Ke8 35. a4 bxa4 36. Qe5 Rg4 37. Qh8+ Kf7 38. Qxh7+ Ke8 39. Qh8+ Kf7
40. Rxg4 1-0

[Event "Festival della Repubblica A"]
[Site "Milano ITA"]
[Date "2011.06.05"]
[Round "6"]
[White "Bisignano, Riccardo"]
[Black "Pelizzola, Danilo"]
[Result "1-0"]
[WhiteElo "1918"]
[BlackElo "2040"]
[PlyCount "46"]
[EventDate "2011.06.01"]

1. e4 e5 2. d4 exd4 3. Qxd4 Nc6 4. Qe3 g6 5. Bd2 Bg7 6. Bc3 Nf6 7. Nd2 d6 8. f3
Qe7 9. Bd3 O-O 10. Ne2 Nd5 11. Qf2 Nxc3 12. Nxc3 Bxc3 13. bxc3 Qe5 14. h4 Nb4
15. Qd4 Qg3+ 16. Kf1 Nc6 17. Qe3 Be6 18. h5 g5 19. Rb1 b6 20. h6 f6 21. Nb3 g4
22. Nc1 gxf3 23. Rg1 Bh3 1-0

[Event "Festival della Repubblica A"]
[Site "Milano ITA"]
[Date "2011.06.05"]
[Round "6"]
[White "Cazzaniga, Walter"]
[Black "Bemporad, Filippo"]
[Result "1-0"]
[WhiteElo "2078"]
[BlackElo "2052"]
[PlyCount "79"]
[EventDate "2011.06.01"]

1. d4 d5 2. c4 c6 3. Nf3 Nf6 4. Nc3 e6 5. Bg5 Nbd7 6. e3 Be7 7. cxd5 cxd5 8.
Bd3 O-O 9. O-O b6 10. Rc1 Bb7 11. Nb5 Ne8 12. Bf4 Ndf6 13. Qb3 Nd6 14. Ne5 Nfe4
15. Rfd1 g5 16. Nc6 Bxc6 17. Bxd6 Nxd6 18. Rxc6 Nxb5 19. Bxb5 Rc8 20. Rdc1 Rxc6
21. Rxc6 Bd6 22. Qc2 Qe7 23. e4 dxe4 24. Qxe4 Rd8 25. g3 Kg7 26. Bd3 f5 27. Qe2
Rf8 28. Bc4 Re8 29. Qh5 Rd8 30. b4 h6 31. b5 Qf6 32. Qe2 Kf7 33. a4 Qe7 34. Bb3
Kf6 35. g4 f4 36. Qe4 Re8 37. Bc2 Rg8 38. d5 Rg7 39. Bd3 Kf7 40. dxe6+ 1-0

[Event "Festival della Repubblica A"]
[Site "Milano ITA"]
[Date "2011.06.05"]
[Round "6"]
[White "Gonella, Daniele"]
[Black "Guzzetti, Luigi Enrico"]
[Result "1-0"]
[WhiteElo "2022"]
[BlackElo "1909"]
[PlyCount "83"]
[EventDate "2011.06.01"]

1. e4 c5 2. Nc3 e6 3. g3 Nc6 4. Bg2 Nf6 5. d3 Be7 6. f4 d6 7. Nf3 a6 8. O-O O-O
9. h3 Nd4 10. Ne2 Nxf3+ 11. Bxf3 Rb8 12. g4 Nd7 13. Bg2 b5 14. g5 e5 15. h4
exf4 16. Nxf4 Ne5 17. c3 Bg4 18. Qc2 Rc8 19. a4 h6 20. axb5 hxg5 21. Nd5 gxh4
22. bxa6 h3 23. Bh1 Be6 24. Ne3 Bh4 25. Nf5 Bg5 26. Bd2 g6 27. a7 h2+ 28. Kxh2
gxf5 29. exf5 Bxd2 30. f6 Ng4+ 31. Kg3 Bh6 32. a8=Q Rxa8 33. Rxa8 Qc7 34. Rxf8+
Kxf8 35. Qe2 d5+ 36. Kh4 d4 37. c4 Bf4 38. Qf3 Bd6 39. Ra1 Bc8 40. Ra8 Ne5 41.
Qb7 Ng6+ 42. Kh5 1-0

[Event "Festival della Repubblica A"]
[Site "Milano ITA"]
[Date "2011.06.05"]
[Round "6"]
[White "Gongalov, Bojan"]
[Black "Lapiccirella, Mattia"]
[Result "1-0"]
[WhiteElo "2061"]
[BlackElo "2212"]
[PlyCount "69"]
[EventDate "2011.06.01"]

1. c4 Nf6 2. Nc3 c5 3. g3 e6 4. Nf3 a6 5. Bg2 Qc7 6. O-O Be7 7. h3 O-O 8. d3 d6
9. Bf4 Nbd7 10. Rc1 Rb8 11. d4 b6 12. e4 cxd4 13. Nxd4 Bb7 14. b4 Rfe8 15. Nb3
Ne5 16. c5 dxc5 17. bxc5 Rbd8 18. cxb6 Qxb6 19. Qc2 Nd3 20. Be3 Qc7 21. Nd5
Qxc2 22. Nxf6+ gxf6 23. Rxc2 Rc8 24. Rd2 Ne5 25. Na5 Ba8 26. Rb1 Nc4 27. Nxc4
Rxc4 28. Rd7 Bc6 29. Ra7 Bb5 30. Bf1 Rxe4 31. Bxb5 axb5 32. Rxb5 Bd6 33. Rbb7
Bxg3 34. Rxf7 Bf4 35. Rg7+ 1-0

[Event "Festival della Repubblica A"]
[Site "Milano ITA"]
[Date "2011.06.05"]
[Round "6"]
[White "Lapiccirella, Daniele"]
[Black "Cani, Gazmir"]
[Result "1-0"]
[WhiteElo "2236"]
[BlackElo "2123"]
[PlyCount "87"]
[EventDate "2011.06.01"]

1. d4 Nf6 2. c4 g6 3. Nc3 d5 4. Nf3 Bg7 5. Bg5 Ne4 6. Bf4 Nxc3 7. bxc3 O-O 8.
e3 c5 9. cxd5 Qxd5 10. Be2 Nc6 11. O-O cxd4 12. cxd4 Bf5 13. Qa4 Qa5 14. Qxa5
Nxa5 15. Rfc1 Rac8 16. Kf1 Be6 17. Nd2 a6 18. a4 Rfe8 19. Bc7 Nc6 20. Bb6 Nb4
21. Rxc8 Rxc8 22. Rb1 Nd5 23. Bf3 Nc3 24. Ra1 Bd5 25. Rc1 Bxf3 26. Nxf3 Rc6 27.
a5 f6 28. Ne1 Kf7 29. Nd3 e5 30. f3 Nd5 31. Rxc6 bxc6 32. e4 Ne3+ 33. Ke2 Nc2
34. dxe5 fxe5 35. Kd2 Na3 36. Nb4 Ke6 37. Nxa6 Bf8 38. Kd3 Kd7 39. Nb8+ Kd6 40.
a6 Nb5 41. a7 Nxa7 42. Bxa7 Kc7 43. Na6+ Kb7 44. Bc5 1-0

[Event "Festival della Repubblica A"]
[Site "Milano ITA"]
[Date "2011.06.05"]
[Round "6"]
[White "Rossi, Giampiero"]
[Black "Nepi, Ezio"]
[Result "1/2-1/2"]
[WhiteElo "1943"]
[BlackElo "1924"]
[PlyCount "88"]
[EventDate "2011.06.01"]

1. d4 d5 2. c4 c6 3. cxd5 cxd5 4. Nc3 Nf6 5. Nf3 Nc6 6. Bf4 Ne4 7. e3 Nxc3 8.
bxc3 g6 9. Be2 Bg7 10. O-O O-O 11. Rc1 Na5 12. Qa4 a6 13. Qb4 b5 14. Qc5 Bg4
15. Bc7 Nb7 16. Bxd8 Nxc5 17. Bxe7 Ne4 18. Bxf8 Bxf8 19. h3 Be6 20. Bd3 Ba3 21.
Rc2 Rc8 22. Bxe4 dxe4 23. Nd2 f5 24. Rb1 Kf8 25. g3 Ke7 26. Kg2 Bd5 27. h4 h5
28. Kf1 Kd6 29. Ke1 Rc6 30. Kd1 Kc7 31. Nb3 Kb6 32. Kd2 Bc4 33. Nc1 Rc7 34. Ne2
Bd3 35. Rbb2 Bxb2 36. Rxb2 Bxe2 37. Kxe2 Rxc3 38. Kd2 Ra3 39. Rc2 b4 40. Kc1 b3
41. Rb2 Ka5 42. axb3 Kb4 43. Kc2 Ra1 44. Rb1 Ra2+ 1/2-1/2

[Event "Festival della Repubblica A"]
[Site "Milano ITA"]
[Date "2011.06.05"]
[Round "6"]
[White "Valenti, Giuseppe"]
[Black "Moroni, Luca jr"]
[Result "1-0"]
[WhiteElo "2155"]
[BlackElo "1911"]
[PlyCount "57"]
[EventDate "2011.06.01"]

1. e4 c5 2. Nf3 d6 3. d4 cxd4 4. Nxd4 Nf6 5. Nc3 a6 6. Bg5 e6 7. f4 Be7 8. Qf3
Nbd7 9. O-O-O Qc7 10. g4 b5 11. Bxf6 Nxf6 12. g5 Nd7 13. f5 Nc5 14. f6 gxf6 15.
gxf6 Bf8 16. Qh5 b4 17. Nd5 exd5 18. exd5 Bb7 19. Bh3 Kd8 20. Kb1 Rc8 21. Rde1
Ba8 22. Bxc8 Qxc8 23. Rhg1 Qd7 24. Rg7 Bxg7 25. fxg7 Re8 26. Qg5+ f6 27. Qxf6+
Kc8 28. Rxe8+ Qxe8 29. Qf8 1-0

[Event "Festival della Repubblica A"]
[Site "Milano ITA"]
[Date "2011.06.05"]
[Round "7"]
[White "Bemporad, Filippo"]
[Black "Lapiccirella, Daniele"]
[Result "0-1"]
[WhiteElo "2052"]
[BlackElo "2236"]
[PlyCount "112"]
[EventDate "2011.06.01"]

1. d4 d5 2. Nf3 Nf6 3. g3 Bg4 4. Bg2 c6 5. O-O e6 6. c4 Nbd7 7. Nc3 Bd6 8. Nd2
O-O 9. Qb3 Qb6 10. Qxb6 axb6 11. e4 dxe4 12. Ndxe4 Nxe4 13. Nxe4 Be7 14. Re1
Nf6 15. a3 Rfd8 16. Be3 Bf5 17. Nc3 Ng4 18. d5 Nxe3 19. fxe3 Bd3 20. dxc6 bxc6
21. Bxc6 Rac8 22. Bb5 Bxc4 23. Bxc4 Rxc4 24. Red1 Kf8 25. Rxd8+ Bxd8 26. Kf2 h5
27. Ke2 h4 28. Kd3 Rg4 29. Ne2 hxg3 30. hxg3 Bf6 31. Kc2 Be5 32. Rd1 Ke7 33. b3
f5 34. Rg1 g5 35. Kd3 Bb2 36. a4 Be5 37. Kc2 Bc7 38. Kd3 Bd6 39. Kd2 Bc5 40.
Kd3 Re4 41. Nd4 Rg4 42. Rg2 Bxd4 43. exd4 Kd6 44. Kc4 f4 45. Kb5 Rxg3 46. Rb2
Kc7 47. Rc2+ Kb7 48. b4 f3 49. Rh2 Rg4 50. a5 bxa5 51. bxa5 Rxd4 52. a6+ Kc7
53. Rh7+ Rd7 54. a7 f2 55. Rh1 Kb7 56. Ra1 Rd5+ 0-1